Breves eternas permanencias /
Gardado en:
| Autor Principal: | |
|---|---|
| Formato: | Desconocido |
| Idioma: | Spanish |
| Publicado: |
San José, Costa Rica :
Editorial Costa Rica,
1969.
|
| Materias: | |
| Etiquetas: |
Engadir etiqueta
Sen Etiquetas, Sexa o primeiro en etiquetar este rexistro!
|
MARC
| LEADER | 000000000a22000000004500 | ||
|---|---|---|---|
| 001 | 008410 | ||
| 041 | 0 | |a spa | |
| 082 | 0 | 4 | |a CR861.4 |b Ch484b |
| 100 | 0 | |a Charpan, |c seudónimo, |d 1947 | |
| 245 | 1 | 0 | |a Breves eternas permanencias / |c Charpan. |
| 260 | 1 | |a San José, Costa Rica : |b Editorial Costa Rica, |c 1969. | |
| 300 | |a 52 páginas | ||
| 650 | 4 | |a LITERATURA COSTARRICENSE | |
| 650 | 4 | |a POESIA | |
| 999 | |c 13985 |d 13985 | ||
| 942 | |c BK |h CR861.4 Ch484b |2 z | ||
